Statistics for Tardigrade Taxonomy

Click here to take the quiz!

General Stats

  • This quiz has been taken 22 times
  • The average score is 4 of 10

Answer Stats

TaxonomyTaxonomy% Correct
KingdomAnimalia
100%
DomainEukaryota
89%
PhylumTardigrada
56%
SpeciesTardigrade
56%
ClassEutardigrada
22%
ClassHeterotardigrada
22%
FamilyHypsibiidae
22%
GenusHypsibius
22%
ClassMesotardigrada
22%
OrderParachela
22%

Score Distribution

Percentile by Number Answered

Percent of People with Each Score

Your Score History

You have not taken this quiz